<?xml version="1.0" encoding="UTF-8"?>
<record
    xmlns:xsi="http://www.w3.org/2001/XMLSchema-instance"
    xsi:schemaLocation="http://www.loc.gov/MARC21/slim http://www.loc.gov/standards/marcxml/schema/MARC21slim.xsd"
    xmlns="http://www.loc.gov/MARC21/slim">

  <leader>02217nam a2200313 i 4500</leader>
  <controlfield tag="001">000022127</controlfield>
  <controlfield tag="003">DO-SdBNP</controlfield>
  <controlfield tag="005">20260321073640.0</controlfield>
  <controlfield tag="006">a||||gr|||| 00| 0 </controlfield>
  <controlfield tag="007">ta</controlfield>
  <controlfield tag="008">100917e1999    dr a          000 e spa d</controlfield>
  <datafield tag="020" ind1=" " ind2=" ">
    <subfield code="a">8493063819</subfield>
  </datafield>
  <datafield tag="040" ind1=" " ind2=" ">
    <subfield code="a">DO-SdBNP</subfield>
    <subfield code="b">spa</subfield>
    <subfield code="c">BNPHU</subfield>
    <subfield code="e">rda</subfield>
  </datafield>
  <datafield tag="082" ind1=" " ind2="4">
    <subfield code="a">RD864.44</subfield>
    <subfield code="b">P964j</subfield>
    <subfield code="2">22</subfield>
  </datafield>
  <datafield tag="245" ind1="0" ind2="0">
    <subfield code="a">Pr&#xF3;logos de Juan Bosch /</subfield>
    <subfield code="c">editor, Orlando Inoa ;  pr&#xF3;logo, Juan Bosch</subfield>
  </datafield>
  <datafield tag="264" ind1=" " ind2="4">
    <subfield code="a">Santo Domingo :</subfield>
    <subfield code="b">Editora Cole,</subfield>
    <subfield code="c">1999.</subfield>
  </datafield>
  <datafield tag="300" ind1=" " ind2=" ">
    <subfield code="a">197 p&#xE1;ginas :</subfield>
    <subfield code="b">Ilustraciones ;</subfield>
    <subfield code="c">21 cm.</subfield>
  </datafield>
  <datafield tag="336" ind1=" " ind2=" ">
    <subfield code="a">texto</subfield>
    <subfield code="b">txt</subfield>
    <subfield code="2">rdacontent</subfield>
  </datafield>
  <datafield tag="337" ind1=" " ind2=" ">
    <subfield code="a">sin mediaci&#xF3;n</subfield>
    <subfield code="b">n</subfield>
    <subfield code="2">rdamedia</subfield>
  </datafield>
  <datafield tag="338" ind1=" " ind2=" ">
    <subfield code="a">volumen</subfield>
    <subfield code="b">nc</subfield>
    <subfield code="2">rdacarrier</subfield>
  </datafield>
  <datafield tag="505" ind1=" " ind2=" ">
    <subfield code="a">Miguel Tav&#xE1;rez (Guelo). Un paso hacia la verdad -- Juan Isidro Jimenes Grull&#xF3;n. La Rep&#xFA;blica Dominicana : an&#xE1;lisis de su pasado y su presente -- Federico Garc&#xED;a Godoy. Guanuma -- Julio C&#xE9;sar Mart&#xED;nez. Santo Domingo : desde Trujillo hasta la revoluci&#xF3;n de abril -- G&#xE9;rard Pierre Charles. Radiograf&#xED;a de una dictadura : Hait&#xED; bajo el r&#xE9;gimen del Doctor Duvalier -- La m&#xE1;scara : cuentos premiados -- Federico Garc&#xED;a Godoy. El derrumbe -- Emilio Rodr&#xED;guez Demorizi. Cuentos de pol&#xED;tica criolla --Angela Pe&#xF1;a. Partidos, pol&#xED;ticos y presidentes dominicanos -- Armando Alm&#xE1;nzor Rodr&#xED;guez. Infancia feliz -- Ariette Fern&#xE1;ndez. Coronel Fern&#xE1;ndez Dom&#xED;nguez : fundador del movimiento militar constitucionalista --Virgilio D&#xED;az Grull&#xF3;n. De ni&#xF1;os, hombres y fantasmas -- Marcia Rodr&#xED;guez. Hait&#xED;, un pueblo rebelado -- Edici&#xF3;n homenaje. Homenaje a Pedro Mir -- Pircilio D&#xED;az. Una manera extra&#xF1;a de morir y otros relatos --Chiqui Vicioso. Bolver a vivir : im&#xE1;genes de Nicaragua -- Carmen S&#xE1;nchez. Descalza entre piedras -- Jos&#xE9; Diego Grull&#xF3;n. Cayo Confites : la revoluci&#xF3;n traicionada -- Jos&#xE9; J&#xE1;quez. Aj&#xED; tit&#xED; -- Le&#xF3;n David. Intento de bandera.</subfield>
  </datafield>
  <datafield tag="590" ind1=" " ind2=" ">
    <subfield code="a">Inventariado 2024 / MF</subfield>
  </datafield>
  <datafield tag="600" ind1="1" ind2="0">
    <subfield code="a"> Bosch, Juan, </subfield>
    <subfield code="d">1909-2001</subfield>
    <subfield code="x">Pr&#xF3;logos y ep&#xED;logos.</subfield>
    <subfield code="9">76555</subfield>
  </datafield>
  <datafield tag="650" ind1=" " ind2="4">
    <subfield code="a">Ensayos dominicanos</subfield>
    <subfield code="x">Colecciones</subfield>
    <subfield code="9">22619</subfield>
  </datafield>
  <datafield tag="650" ind1=" " ind2="0">
    <subfield code="a">LITERATURA DOMINICANA</subfield>
    <subfield code="x">Ensayos</subfield>
    <subfield code="v">Colecciones</subfield>
    <subfield code="9">78268</subfield>
  </datafield>
  <datafield tag="700" ind1="1" ind2=" ">
    <subfield code="a">Inoa, Orlando,</subfield>
    <subfield code="e">editor</subfield>
    <subfield code="4">ed.</subfield>
    <subfield code="9">5784</subfield>
  </datafield>
  <datafield tag="700" ind1="1" ind2=" ">
    <subfield code="a"> Bosch, Juan, </subfield>
    <subfield code="d">1909-2001</subfield>
    <subfield code="e">prologuista</subfield>
    <subfield code="4">pr.</subfield>
    <subfield code="9">76555</subfield>
  </datafield>
  <datafield tag="942" ind1=" " ind2=" ">
    <subfield code="2">ddc</subfield>
    <subfield code="c">LBS1</subfield>
  </datafield>
  <datafield tag="952" ind1=" " ind2=" ">
    <subfield code="0">0</subfield>
    <subfield code="1">0</subfield>
    <subfield code="2">ddc</subfield>
    <subfield code="5">1</subfield>
    <subfield code="7">0</subfield>
    <subfield code="8">PD</subfield>
    <subfield code="a">BNPHU</subfield>
    <subfield code="b">BNPHU</subfield>
    <subfield code="c">CT</subfield>
    <subfield code="d">2010-09-17</subfield>
    <subfield code="l">0</subfield>
    <subfield code="o">BNPHU PD RD864.44 P964j</subfield>
    <subfield code="p">22127-10</subfield>
    <subfield code="r">2020-06-25</subfield>
    <subfield code="w">2020-06-25</subfield>
    <subfield code="y">LBS1</subfield>
    <subfield code="Z">No se presta</subfield>
  </datafield>
  <datafield tag="952" ind1=" " ind2=" ">
    <subfield code="0">0</subfield>
    <subfield code="1">0</subfield>
    <subfield code="2">ddc</subfield>
    <subfield code="5">1</subfield>
    <subfield code="7">0</subfield>
    <subfield code="8">PD</subfield>
    <subfield code="a">BNPHU</subfield>
    <subfield code="b">BNPHU</subfield>
    <subfield code="c">CT</subfield>
    <subfield code="d">2010-09-17</subfield>
    <subfield code="l">0</subfield>
    <subfield code="o">BNPHU PD RD864.44 P964j</subfield>
    <subfield code="p">22127-20</subfield>
    <subfield code="r">2020-06-25</subfield>
    <subfield code="t">e.2</subfield>
    <subfield code="w">2020-06-25</subfield>
    <subfield code="y">LBS1</subfield>
    <subfield code="Z">No se presta</subfield>
  </datafield>
  <datafield tag="952" ind1=" " ind2=" ">
    <subfield code="0">0</subfield>
    <subfield code="1">0</subfield>
    <subfield code="2">ddc</subfield>
    <subfield code="5">6</subfield>
    <subfield code="7">0</subfield>
    <subfield code="8">DS</subfield>
    <subfield code="a">BNPHU</subfield>
    <subfield code="b">BNPHU</subfield>
    <subfield code="c">CT</subfield>
    <subfield code="d">2023-04-08</subfield>
    <subfield code="e">Donado por la Presidencia de la Rep&#xFA;blica Dominicana 2023.</subfield>
    <subfield code="l">0</subfield>
    <subfield code="o">BNPHU DS RD864.44 P964j</subfield>
    <subfield code="p">2024-1934</subfield>
    <subfield code="r">2024-04-08</subfield>
    <subfield code="t">e.3</subfield>
    <subfield code="w">2024-04-08</subfield>
    <subfield code="y">LBS1</subfield>
    <subfield code="z">Perteneci&#xF3; a la biblioteca personal de Emilio Cordero Michel.</subfield>
  </datafield>
  <datafield tag="999" ind1=" " ind2=" ">
    <subfield code="c">21625</subfield>
    <subfield code="d">21625</subfield>
  </datafield>
</record>
